000 00262nam a22001217a 4500
008 170710b xxu||||| |||| 00| 0 eng d
041 _aeng
080 _a030
100 _a23
101 _aENC
245 _aTHE WORLD ENCYCLOPEDIA
_cNAULT, W.H
942 _2udc
_cBK
999 _c20130
_d20130